| 000 | 00757nam a22002297a 4500 | ||
|---|---|---|---|
| 999 |
_c189313 _d189313 |
||
| 005 | 20220926121134.0 | ||
| 010 | _aB-745687 | ||
| 020 |
_a9788177582611 _c629.00 |
||
| 037 | _bPearson | ||
| 082 | _a658.406 | ||
| 100 | _a French, L. Wendell | ||
| 245 |
_aOrganization Development: _cWendell L. French _bBehavioral Science Interventions for Organization Improvement/ |
||
| 250 | _a6th | ||
| 260 |
_aNew Delhi _bPearson |
||
| 270 |
_a11 Community Center , Panchsheel Park, _bNew Delhi _e110017 |
||
| 300 |
_axiii,236p. _bill. _c24 cm (pb) |
||
| 500 | _aSubject Index | ||
| 700 | _aJr. Bell,H. Cecil | ||
| 700 | _a Vohra, Veena | ||
| 942 |
_2ddc _cEN _h658.406 _mFRE |
||